| 000 | 02194cam a2200565 a 4500 | ||
|---|---|---|---|
| 001 | 21335 | ||
| 003 | VRT | ||
| 005 | 20260227134118.0 | ||
| 008 | 240226s1955 xo h g 010 p slo | ||
| 015 | _aSNBA1955 | ||
| 020 | _q(viazané) | ||
| 035 | _aSNK000269357 | ||
| 035 | _aurn:nbn:sk:snk-am3i7fi | ||
| 035 | _a8512ECA7-C19D-47B6-ACF1-8BEC25065AB8 | ||
| 035 | _aurn:nbn:sk:snk-am00ds61 | ||
| 039 | 9 |
_a202601181254 _bcsnk01 _c202402261950 _dVLOAD _c202304031945 _dVLOAD _c202212050946 _dVLOAD |
|
| 040 |
_aSNK _bslo _cSNK _eAACR2 |
||
| 041 | 0 | _aslo | |
| 044 |
_axo _cSK |
||
| 072 | 7 |
_a821.162.4-1 _xSlovenská poézia _2konspekt |
|
| 080 |
_a821.162.4-1 _22011 |
||
| 080 |
_a82‑14 _22011 |
||
| 080 |
_a82-1/-9 _22011 |
||
| 100 | 1 |
_aHviezdoslav, Pavol Országh, _d1849-1921 _4aut |
|
| 245 | 1 | 0 |
_aBásnické prvotiny _nI. _b1868-1869 _cPavol Országh-Hviezdoslav ; [zredigoval, poznámky a vysvetlivky napísal Stanislav Šmatlák] |
| 250 | _a1. vyd. | ||
| 260 |
_aBratislava _bSlovenské vydavateľstvo krásnej literatúry _c1955 |
||
| 300 |
_a542 strán _bfaksimile _c21 cm |
||
| 366 | _e3300 kusov | ||
| 490 | 1 |
_aNaši klasici _vzv. 16 |
|
| 500 | _aFrontispice | ||
| 500 | _aObsahuje poznámky na strane 495-539 ; vysvetlivky na strane 539-542 ; skratky na strane 542 | ||
| 648 | 7 |
_a19. storočie _2SNKPH |
|
| 655 | 7 |
_aslovenská poézia _2SNKPH |
|
| 655 | 7 |
_alyrická poézia _2SNKPH |
|
| 700 | 1 |
_aŠmatlák, Stanislav, _d1925-2008 _4edt _4aui |
|
| 830 | 0 | _aNaši klasici | |
| 910 | _asnk | ||
| 942 |
_2ddc _cKLDO _n0 |
||
| 949 |
_63869A05398 _abpksh821.162.4-1 _bbpksh22904 |
||
| 949 |
_62889370689 _asavukB 43337 _oPV 3784/55 |
||
| 949 |
_63830001009737 _akurukT18/HVIE1-4 |
||
| 949 |
_63830001022641 _akurukT18/HVIE1-25 _bkuruk2009/F2502 |
||
| 949 |
_617A0117990 _9P60, <05>, [BOOK], {605} _asnkSC 6705/1 D1 |
||
| 949 |
_617A0119978 _9P60, <05>, [BOOK], {605} _asnkSC 6705/1 _bsnk1367/55 _oI.9584/55 - ev. č. _pObsahuje vlastnoručne napísanú báseň autora. _s6100:20190529 |
||
| 949 |
_6273K0401920 _asvkpoA 15469/Ia _bsvkpo52430 |
||
| 949 |
_6273K0401917 _asvkpoA 15469/I _bsvkpo35952 |
||
| 949 |
_62889022075 _asavukM 8373 |
||
| 999 |
_c21335 _d21335 |
||